书目信息 |
| 题名: |
不聽話的孩子
|
|
| 作者: | 巴克利 著 ;赵家琛 , 黄惠玲 译 | |
| 分册: | ||
| 出版信息: | 台北 心理出版社 2002 |
|
| 页数: | 14, 318页 | |
| 开本: | 26cm | |
| 丛书名: | 障礙教育 | |
| 单 册: | ||
| 中图分类: | B844.1 , R749.055 | |
| 科图分类: | ||
| 主题词: | 问题儿童--行为治疗 , 问题儿童--家庭教育 | |
| 电子资源: | ||
| ISBN: | 957-702-534-X | |
| 000 | 01288oam2 2200361 450 | |
| 001 | 1547773785 | |
| 005 | 20150201131643.56 | |
| 010 | @a957-702-534-X@dTWD400.00 | |
| 100 | @a20060719d2002 em y0chiy50 ea | |
| 101 | 1 | @achi@ceng |
| 102 | @aCN@b710000 | |
| 105 | @aak a 000yy | |
| 200 | 1 | @a不聽話的孩子@9bu ting hua de hai zi@e臨床衡鑑與親職訓練手冊@f趙家琛, 黃惠玲譯 |
| 210 | @a台北@c心理出版社@d2002 | |
| 215 | @a14, 318页@c图@d26cm | |
| 225 | 2 | @a障礙教育@9zhang ai jiao yu@v39 |
| 305 | @a据Guilford Press 1997年第2版译出 | |
| 314 | @a责任者Russell A. Barkley, 规范汉译姓: 巴克利 | |
| 320 | @a有书目 (第305-318页) | |
| 461 | 0 | @12001 @a障礙教育 |
| 500 | 10 | @aDefiant children : a clinician's manual for assessement and parent training@9defiant children : a clinician's manual for assessement and parent training@mChinese |
| 518 | 1 | @a不听话的孩子 |
| 606 | 0 | @a问题儿童@x行为治疗 |
| 606 | 0 | @a问题儿童@x家庭教育 |
| 690 | @aB844.1@v5 | |
| 690 | @aR749.055@v5 | |
| 701 | 1 | @a巴克利@9ba ke li@g(Barkley, Russell A.)@f1949-@4著 |
| 702 | 0 | @a赵家琛@9zhao jia chen@4译 |
| 702 | 0 | @a黄惠玲@9huang hui ling@4译 |
| 730 | 1 | @a趙家琛@9zhao jia chen@4譯 |
| 730 | 1 | @a黃惠玲@9huang hui ling@4譯 |
| 801 | 0 | @aCN@bTSSF@c20150201 |
| 905 | @aZUCC@dB844.1@eJY52 | |
| 不聽話的孩子:臨床衡鑑與親職訓練手冊/趙家琛, 黃惠玲譯.-台北:心理出版社,2002 |
| 14, 318页:图;26cm.-(障礙教育;39) |
| ISBN 957-702-534-X:TWD400.00 |
| ● |
| 相关链接 |
|
|
|
|
正题名:不聽話的孩子
索取号:B844.1/JY52
 
预约/预借
| 序号 | 登录号 | 条形码 | 馆藏地/架位号 | 状态 | 备注 |
| 1 | 7864545 | 278645450 | 学院路分馆/ [索取号:B844.1/JY52] | 在馆 | |
| 2 | 7864546 | 278645469 | 学院路分馆/ [索取号:B844.1/JY52] | 在馆 |